| 000 | 01222nam0a22003131 4500 | ||
|---|---|---|---|
| 001 | v19\rc\1627275 | ||
| 005 | 20250618232303.0 | ||
| 035 | _a(NLR Aleph) 004743461 | ||
| 090 |
_a4503855 _c4503855 |
||
| 100 | _a20061002e18991899|||y0rusy50 ca | ||
| 101 | 0 | _arus | |
| 102 | _aRU | ||
| 105 | _ay z |||e| | ||
| 200 | 1 | _aПисьма П.А. Кулиша к д-ру С.Д. Носу. [1860-1892 гг.] | |
| 210 |
_aКиев _cтип. Ун-та св. Владимира Н.Т. Корчак-Новицкого _d1899 |
||
| 215 |
_a[2], 24 с. _d25 |
||
| 311 | _aОтт. из журн. "Киев. старина" | ||
| 488 | 0 |
_12001#$aКиевская старина _tКиевская старина |
|
| 532 | 1 | 0 | _aПисьма Пантелеймона Александровича Кулиша к доктору С.Д. Носу. [1860-1892 гг.] |
| 700 | 1 |
_aКулиш _bП.А. _f1819-1897 _gПантелеймон Александрович |
|
| 702 | 1 |
_aНос _bС.Д. _gСтепан Данилович _4660 |
|
| 801 | 0 |
_aRU _bNLR _gpsbo |
|
| 801 | 0 |
_aRU _bRuMoRGB _2psbo |
|
| 801 | 1 |
_aRU _bProSoft-M _2rusmarc |
|
| 852 |
_aNLR _j18.146.3.417 |
||
| 899 |
_aRuMoRGB _jC 24/155 |
||
| 899 | _aБАН | ||
| 942 | _cBOOK | ||
| 980 | _aNB | ||